Los Mass Media /

Este diccionario presenta definiciones especializadas sobre tópicos relacionados con los medios masivos de comunicación.

Salvato in:
Dettagli Bibliografici
Autore principale: Moles, Abraham (dirección)
Natura: Libro
Lingua:spagnolo
Serie:(Enciclopedia Ciencias de la Comunicación)
Soggetti:
Tags: Aggiungi Tag
Nessun Tag, puoi essere il primo ad aggiungerne!!

MARC

LEADER 00000nam^a2200000^a^4500
001 000034792
005 20250521000000.0
009 20260310085253.238
020 |a 84-271-0948-2 
037 |a Acervo ITESO - Biblioteca 
041 |a ESP 
082 |a 300. 5  |b MOL 
100 |a Moles, Abraham  |e (dirección) 
245 1 4 |a Los Mass Media /  |c A. Moles; tr. por: Juan José Ferrero. 
264 |a Bilbao, España :  |b Asuri,  |c 1982 
300 |a 676 p. 
336 |a texto  |b txt  |2 rdacontenido 
337 |a sin mediación  |b n  |2 rdamedio 
338 |a volumen  |b nc  |2 rdasoporte 
440 1 |a (Enciclopedia Ciencias de la Comunicación) 
520 |a Este diccionario presenta definiciones especializadas sobre tópicos relacionados con los medios masivos de comunicación. 
649 |a XX 
650 |a Comunicación -  |x Enciclopedias y Diccionarios 
650 |a Comunicación Masiva -  |x Enciclopedias y Diccionarios 
910 |a Fondo General 
920 |a Impresos - Libros 
930 |a Obras de Referencia 
905 |a 102 
901 |a 0347920100  |b IT2  |c REF  |i 034792  |u 20250521 
902 |a https://opac.biblio.iteso.mx/vufind/Record/000034792